000 00269nam a22001217a 4500
008 170222b xxu||||| |||| 00| 0 eng d
041 _aeng
080 _a616.31
100 _a5
101 _aSHS
245 _aDENTAL LABORATORY TECHNOLOGY
_cSOWTER, J.B
942 _2udc
_cBK
999 _c6010
_d6010